Statistiques concernant Culture Générale - Série 1383

Cliquez ici pour prendre le quiz!

Statistiques générales

  • Ce quiz a été pris 35 fois
  • Le résultat moyen est 4 sur 10

Statistiques - réponses

Question Réponse % Correct
Dans quel pays européen se situe la région des Pouilles ?Italie
88%
Dans quel pays se trouve la commune de Neuhausen am Rheinfall ?Suisse
65%
De quel pays Fabiola de Mora y de Aragón a-t-elle été la reine de 1960 à 1993 ?Belgique
62%
Complétez ces paroles de "Chanson pour l'Auvergnat" de Brassens : "Ce n'était rien qu'un peu de pain, Mais il m'avait chauffé le corps, Et dans mon âme il ... (2 mots)brûle encore
50%
Quel est le plus costaud des héros télévisés de "l'Agence tous risques" ?Barracuda
47%
Quel était le prénom de l'architecte français Viollet-le-Duc qui dirigea la restauration de Notre-Dame de Paris ?Eugène
26%
Sous quel nom de scène est connue Jeanne Bourgeois, reine du music-hall célèbre pour ses "belles gambettes" ?Mistinguett
26%
Quelle est la nouvelle nationalité, acquise par mariage, de la soprano Barbara Hendricks, née américaine ?suédoise
18%
De 447 à 432 avant J.-C., quel sculpteur grec dirigea l'édification du Parthénon, à Athènes ?Phidias
12%
En 2009, de quel film asiatique Johnny Hallyday et Sylvie Testud partagent-ils l'affiche ?Vengeance
3%

Distribution des résultats

Percentile par nombre de réponses

% des personnes avec chaque résultat

Votre développement - résultats

Vous n’avez pas pris ce quiz